[Event "Baltic Sea Cup"]
[Site "Ronne"]
[Date "2007.07.31"]
[Round "2.41"]
[White "Johansen, Johnny Holler"]
[Black "Schiendorfer, Alexander"]
[Result "1-0"]
[WhiteElo "2058"]
[BlackElo "1811"]
[PlyCount "101"]
[EventDate "2007.07.30"]
[EventType "swiss"]
[EventRounds "9"]
[EventCountry "DEN"]
[SourceTitle "EXT 2023"]
[Source "ChessBase"]
[SourceDate "2022.10.05"]
[SourceVersion "1"]
[SourceVersionDate "2022.10.05"]
[SourceQuality "1"]

1. e4 e5 2. Nf3 Nc6 3. d4 exd4 4. Nxd4 Nxd4 5. Qxd4 b6 6. Nc3 Bb7 7. Bc4 Qf6 8. Be3 Be7 9. Bd5 c6 10. e5 Qh4 11. Qxh4 Bxh4 12. Bf3 0-0-0 13. 0-0-0 h6 14. Bg4 h5 15. Bh3 Nh6 16. Ne4 Be7 17. f3 f6 18. exf6 gxf6 19. Nd6+ Bxd6 20. Rxd6 Ng8 21. Rhd1 Rh7 22. Bf2 c5 23. a4 Rg7 24. a5 Kc7 25. axb6+ axb6 26. b4 Bc6 27. bxc5 b5 28. Kb2 Ra8 29. Bg3 Rxg3 30. hxg3 Rd8 31. Bf5 b4 32. R1d4 Ne7 33. Bh3 f5 34. Rxb4 Rg8 35. Rh6 Nd5 36. Rd4 Rb8+ 37. Kc1 Ra8 38. Rxh5 Ra1+ 39. Kd2 Rf1 40. Bxf5 Rf2+ 41. Ke1 Rxg2 42. Be4 Ne3 43. Rd2 Rxd2 44. Kxd2 Nf1+ 45. Ke1 Nxg3 46. Rh4 Nxe4 47. fxe4 Bb5 48. Rh6 Bc4 49. Kd2 Be6 50. Rxe6 dxe6 51. Kc3 1-0